|
|
|
|
| LEADER |
00000nam0a2200000 4500 |
| 001 |
375789 |
| 005 |
20231101051715.0 |
| 010 |
|
|
|a 521700309Х
|
| 035 |
|
|
|a (RuTPU)RU\TPU\retro\33228
|
| 035 |
|
|
|a RU\TPU\book\281481
|
| 090 |
|
|
|a 375789
|
| 100 |
|
|
|a 20221221d1988 m y0rusy50 ca
|
| 101 |
0 |
|
|a rus
|
| 102 |
|
|
|a RU
|
| 105 |
|
|
|a a j 001zy
|
| 200 |
1 |
|
|a Оборудование термических цехов и лабораторий испытания металлов
|e учебное пособие для техникумов
|f Г. П. Долотов, Е. А. Кондаков
|
| 210 |
|
|
|a Москва
|c Машиностроение
|d 1988
|
| 215 |
|
|
|a 336 с.
|c ил.
|
| 225 |
1 |
|
|a Для техникумов
|
| 320 |
|
|
|a Библиогр.: с. 330-331.
|
| 320 |
|
|
|a Предметный указатель: с. 332-333.
|
| 606 |
1 |
|
|a Термические печи-ванны электрические
|2 stltpush
|3 (RuTPU)RU\TPU\subj\59884
|
| 610 |
1 |
|
|a термические цеха
|
| 610 |
1 |
|
|a оборудование
|
| 610 |
1 |
|
|a металлы
|
| 610 |
1 |
|
|a испытания
|
| 610 |
1 |
|
|a учебные пособия
|
| 610 |
1 |
|
|a конструкции
|
| 610 |
1 |
|
|a автоматические линии
|
| 610 |
1 |
|
|a проектирование
|
| 675 |
|
|
|a 621.783(075.8)
|v 3
|
| 700 |
|
1 |
|a Долотов
|b Г. П.
|g Георгий Петрович
|
| 701 |
|
1 |
|a Кондаков
|b Е. А.
|g Евгений Александрович
|
| 801 |
|
1 |
|a RU
|b 63413507
|c 20140426
|
| 801 |
|
2 |
|a RU
|b 63413507
|c 20221221
|g RCR
|
| 942 |
|
|
|c BK
|